Effectif FC Bâle 2022-2023 - Statistiques

Statistiques générales
  • Ce quiz a été pris 22 fois
  • Le résultat moyen est 13 sur 26
Statistiques - réponses
Position Nationalité Dates Réponse % Correct
Gardien Suisse 2022- Marwin Hitz
95%
Milieu Suisse 2007-20092011-2015 2018- Fabian Frei
84%
Milieu Albanie 2010-20122013- Taulant Xhaka
84%
Milieu Suisse 2022- Zeki Amdouni
74%
Milieu France 2022- Andy Diouf
68%
Défenseur France 2022- Andy Pelmard
68%
Défenseur Suisse 2021- Michael Lang
68%
Attaquant France 2022- Jean-Kévin Augustin
63%
Défenseur Espagne 2021- Sergio López
63%
Attaquant Suisse 2022- Andi Zeqiri
58%
Défenseur Espagne 2022- Arnau Comas
58%
Milieu Canada 2021- Liam Millar
58%
Défenseur Italie 2022- Riccardo Calafiori
58%
Milieu Pays-Bas 2021- Wouter Burger
58%
Défenseur France 2022- Hugo Vogel
53%
Gardien Suisse 2022- Mirko Salvi
53%
Milieu Suisse 2021- Dan Ndoye
47%
Attaquant Hongrie 2022-2023 Ádám Szalai
42%
Milieu Allemagne 2022- Anton Kade
32%
Milieu Ghana 2022- Emmanuel Essiam
32%
Défenseur Ghana 2022- Kasim Adams
32%
Milieu Suisse 2021- Darian Males
26%
Milieu Espagne 2023- Hugo Novoa
21%
Attaquant Suisse 2022- Bradley Fink
16%
Attaquant Sénégal 2022- Kaly Sène
11%
Milieu Suisse 2022- Liam Chipperfield
11%
Aucun quiz correspondant
Distribution des résultats
% des personnes avec chaque résultat
Percentile par nombre de réponses
Votre historique - résultats
Vous n’avez pas pris ce quiz